CATERING MANAGEMENT: AN INTEGRATED APPROACH (Record no. 12086)
[ view plain ]
| 000 -LEADER | |
|---|---|
| fixed length control field | 00283nam a22001217a 4500 |
| 003 - CONTROL NUMBER IDENTIFIER | |
| control field | SGT |
| 082 ## - DEWEY DECIMAL CLASSIFICATION NUMBER | |
| Classification number | 641.3 |
| Item number | C17S |
| 100 ## - MAIN ENTRY--PERSONAL NAME | |
| Personal name | SETHI, MOHINI |
| 245 ## - TITLE STATEMENT | |
| Title | CATERING MANAGEMENT: AN INTEGRATED APPROACH |
| 260 ## - PUBLICATION, DISTRIBUTION, ETC. (IMPRINT) | |
| Place of publication, distribution, etc | DELHI |
| Name of publisher, distributor, etc | NEW AGE PUB. |
| Year of Publication | 2017 |
| 300 ## - PAGE DESCRIPTION | |
| No. of Pages | 474 |
| 942 ## - ADDED ENTRY ELEMENTS (KOHA) | |
| Source of classification or shelving scheme | Dewey Decimal Classification |
| Koha item type | Books |
| 942 ## - ADDED ENTRY ELEMENTS (KOHA) | |
| -- | 64 |
| Withdrawn status | Lost status | Source of classification or shelving scheme | Damaged status | Not for loan | Collection code | Home library | Current library | Shelving location | Date acquired | Vendor Name | Cost, normal purchase price | SGTU | Bill Number | Total Checkouts | Full call number | Accession No. (Barcode) | Date last seen | Date last borrowed | Bill Date | Koha item type | Total Renewals |
|---|---|---|---|---|---|---|---|---|---|---|---|---|---|---|---|---|---|---|---|---|---|
| Dewey Decimal Classification | MEDICAL | SGT Medical Library | SGT Medical Library | Text Book | 29/06/2017 | ABC | 299.00 | SGTU | 8041 | 24 | 641.3 C17S | FM8646 | 08/05/2025 | 21/04/2025 | 11/04/2017 | Books | |||||
| Dewey Decimal Classification | MEDICAL | SGT Medical Library | SGT Medical Library | Text Book | 29/06/2017 | ABC | 299.00 | SGTU | 8041 | 24 | 641.3 C17S | FM8647 | 18/08/2025 | 12/05/2025 | 11/04/2017 | Books | |||||
| Dewey Decimal Classification | MEDICAL | SGT Medical Library | SGT Medical Library | Text Book | 29/06/2017 | ABC | 299.00 | SGTU | 8041 | 37 | 641.3 C17S | FM8648 | 10/06/2025 | 24/05/2025 | 11/04/2017 | Books | |||||
| Dewey Decimal Classification | MEDICAL | SGT Medical Library | SGT Medical Library | Text Book | 29/06/2017 | ABC | 299.00 | SGTU | 8041 | 33 | 641.3 C17S | FM8649 | 19/06/2025 | 05/06/2025 | 11/04/2017 | Books | |||||
| Dewey Decimal Classification | MEDICAL | SGT Medical Library | SGT Medical Library | Text Book | 29/06/2017 | ABC | 299.00 | SGTU | 8041 | 20 | 641.3 C17S | FM8650 | 03/06/2025 | 14/05/2025 | 11/04/2017 | Books | 1 |